Afrikan maat - kirjoita alkukirjain - Statistics

Yleistilastot
  • Tätä visaa on pelattu 5 911 kertaa
  • Keskiarvotulos 29 / 54
Vastaukset kartalla
Vastauksille on annettu kartalla punavihreä väri sen mukaan, kuinka moni on saanut sen oikein.
 
Vastaustilastot
Valtio % Oikein
Algeria
57%
Egypti
57%
Niger
57%
Somalia
57%
Sudan
57%
Djibouti
56%
Etelä-Afrikka
56%
Ghana
56%
Madagaskar
56%
Mali
56%
Marokko
56%
Senegal
56%
Seychellit
56%
Mosambik
55%
Eritrea
55%
Gambia
55%
Kenia
55%
Lesotho
55%
Mauritania
55%
Mauritius
55%
Namibia
55%
Nigeria
55%
Sambia
55%
Tšad
55%
Tunisia
55%
Eswatini
54%
Etelä-Sudan
54%
Etiopia
54%
Gabon
54%
Kamerun
54%
Kap Verde
54%
Keski-Afrikan tasavalta
54%
Kongon demokraattinen tasavalta
54%
Kongon tasavalta
54%
Libya
54%
Norsunluurannikko
54%
São Tomé ja Príncipe
54%
Tansania
54%
Togo
54%
Uganda
54%
Angola
53%
Benin
53%
Botswana
53%
Burkina Faso
53%
Burundi
53%
Guinea
53%
Guinea-Bissau
53%
Komorit
53%
Liberia
53%
Malawi
53%
Päiväntasaajan Guinea
53%
Ruanda
53%
Sierra Leone
53%
Zimbabwe
53%
Ehtoja vastaavia visoja ei löytynyt
Tulosjakauma
Jokaisen tuloksen saaneiden osuus
Persentiili vastausten määrän mukaan
Tuloshistoriasi
Et ole pelannut tätä visaa